书目信息 |
| 题名: |
问道
|
|
| 作者: | 杨念群 著 | |
| 分册: | ||
| 出版信息: | 重庆 重庆出版社 2024 |
|
| 页数: | 387页 | |
| 开本: | 21cm | |
| 丛书名: | ||
| 单 册: | ||
| 中图分类: | B2 | |
| 科图分类: | ||
| 主题词: | 思想史--研究--中国 | |
| 电子资源: | ||
| ISBN: | 978-7-229-18035-5 | |
| 000 | 01141nam0 2200253 450 | |
| 001 | 012750580 | |
| 005 | 20240118094618.0 | |
| 010 | @a978-7-229-18035-5@b精装@dCNY78.00 | |
| 100 | @a20240118d2024 em y0chiy0120 ea | |
| 101 | 0 | @achi |
| 102 | @aCN@b500000 | |
| 105 | @ay z 000yy | |
| 106 | @ar | |
| 200 | 1 | @a问道@9wen dao@e一部全新的中国思想史@f杨念群著 |
| 210 | @a重庆@c重庆出版社@d2024 | |
| 215 | @a387页@d21cm | |
| 330 | @a本书是一部通俗的中国思想史作品。作者提炼出中国思想史上若干重要主题,包括天下观、正统论、儒法关系、老庄思想、新儒学等,以宏阔的视角和轻松又不失深刻的笔触将有关中国历史文化演进的几个重要方面进行勾勒和提挈,比如没有古代的“天下”,难有今天的中华民族;“大一统”如何深刻塑造中国两千多年的大一统历史;儒法互补如何塑造两千多年的王朝政治;老庄思想蕴含了哪些中国人的生存智慧,宋明新儒学到底“新”在哪里。通过把复杂的思想史浓缩为若干专题,为读者演绎了一部新颖的中国思想史。 | |
| 510 | 1 | @aAsking the way@ea new history of Chinese thought@zeng |
| 586 | @a | |
| 606 | 0 | @a思想史@x研究@y中国 |
| 690 | @aB2@v5 | |
| 701 | 0 | @a杨念群@9yang nian qun@4著 |
| 801 | 0 | @aCN@c20240119 |
| 905 | @dB2@eY235@f1@sB2/Y235@S@Z | |
| 问道:一部全新的中国思想史/杨念群著.-重庆:重庆出版社,2024 |
| 387页;21cm |
| ISBN 978-7-229-18035-5(精装):CNY78.00 |
| 本书是一部通俗的中国思想史作品。作者提炼出中国思想史上若干重要主题,包括天下观、正统论、儒法关系、老庄思想、新儒学等,以宏阔的视角和轻松又不失深刻的笔触将有关中国历史文化演进的几个重要方面进行勾勒和提挈,比如没有古代的“天下”,难有今天的中华民族;“大一统”如何深刻塑造中国两千多年的大一统历史;儒法互补如何塑造两千多年的王朝政治;老庄思想蕴含了哪些中国人的生存智慧,宋明新儒学到底“新”在哪里。通过把复杂的思想史浓缩为若干专题,为读者演绎了一部新颖的中国思想史。 |
| ● |
| 相关链接 |
|
|
|
正题名:问道
索取号:B2/Y235
 
预约/预借
| 序号 | 登录号 | 条形码 | 馆藏地/架位号 | 状态 | 备注 |
| 1 | 21620433 | 216204337 | 社科库509/509社科库 8排4列2层/ [索取号:B2/Y235] | 在馆 |